| 000 | 01159cab a2200193 4500 | ||
|---|---|---|---|
| 001 | ##L134385 | ||
| 008 | 060801n2006 000 0 eng u | ||
| 035 | _a(Sirsi) u134385 | ||
| 041 | 0 | _aeng | |
| 100 | 1 | _aMann, Will | |
| 245 | 0 | 0 | _aWill the regions rule the roads? |
| 260 | _c2006 | ||
| 490 | 0 |
_aContract Journal _v434(6585) 26 July 2006, 20-21(2) |
|
| 520 | _aIn the light of the announcement by the Department for Transport of a number of new road schemes recommended by the eight English regions, this article examines whether the involvement of the regions in the planning and prioritisation of major transport projects is likely to be positive. Its advocates argue that the regions will adopt a more holistic approach to transport planning, giving proper consideration to economic and housing benefits of major schemes. Concern has been expressed, however, over funding levels, which are not guaranteed beyond the first three years. The uncertainty is prompting some regions to investigate alternative funding sources. | ||
| 590 | _aIKA010806 | ||
| 651 | 4 |
_aEngland _y886- |
|
| 690 | _aPROPERTY-INFRASTRUCTURE-ROAD INFRASTRUCTURE | ||
| 942 | _n0 | ||
| 999 |
_c77498 _d77498 |
||